Fr. Conceicao Rodrigues College of Engineering

Engineering mathematics -III (Record no. 20952)

MARC details
000 -LEADER
fixed length control field 00336nam a2200157Ia 4500
082 ## - DEWEY DECIMAL CLASSIFICATION NUMBER
Classification number 519
Item number KUM
100 ## - MAIN ENTRY--PERSONAL NAME
Personal name Kumbhojkar / G.V
245 ## - TITLE STATEMENT
Title Engineering mathematics -III
260 ## - PUBLICATION, DISTRIBUTION, ETC.
Name of publisher, distributor, etc. C Jamnadas & Co
Place of publication, distribution, etc. New york
Date of publication, distribution, etc. 1997
300 ## - PHYSICAL DESCRIPTION
Extent 564
490 ## - SERIES STATEMENT
Volume/sequential designation III
546 ## - LANGUAGE NOTE
Language note ENGLISH
654 ## - SUBJECT ADDED ENTRY--FACETED TOPICAL TERMS
Focus term mathematics
942 ## - ADDED ENTRY ELEMENTS (KOHA)
Koha item type BOOK
Holdings
Withdrawn status Lost status Damaged status Not for loan Collection Home library Current library Date acquired Total Checkouts Full call number Barcode Date last seen Price effective from Koha item type
        CRC Fr. Agnel's C.Rodrigues College of Engineering Fr. Agnel's C.Rodrigues College of Engineering 17/03/2023   519 KUM 10694 17/03/2023 17/03/2023 BOOK
        CRC Fr. Agnel's C.Rodrigues College of Engineering Fr. Agnel's C.Rodrigues College of Engineering 17/03/2023   519 KUM 10695 17/03/2023 17/03/2023 BOOK
        CRC Fr. Agnel's C.Rodrigues College of Engineering Fr. Agnel's C.Rodrigues College of Engineering 17/03/2023   519 KUM 10696 17/03/2023 17/03/2023 BOOK
        CRC Fr. Agnel's C.Rodrigues College of Engineering Fr. Agnel's C.Rodrigues College of Engineering 17/03/2023   519 KUM 10697 17/03/2023 17/03/2023 BOOK
        CRC Fr. Agnel's C.Rodrigues College of Engineering Fr. Agnel's C.Rodrigues College of Engineering 17/03/2023   519 KUM 10698 17/03/2023 17/03/2023 BOOK